000 00930nam0a22002651 4500
001 v19\rc\1730566
005 20260406100743.0
035 _a(NLR Aleph) 004844605
090 _a4858127
_c4858127
100 _a20061002d1901 |||y0rusy50 ca
101 1 _arus
_cfre
102 _aRU
105 _ay z |||a|
200 1 _aРазвращенный Париж
_eРоман
_fПер. с фр. Ф.Н. Латернера
_gЖорж Онэ
210 _aМосква
_cизд. кн. склада Д.П. Ефимова
_d1901
215 _a321 с.
_d19
700 1 _4070
_8rus
_7ca
_aОне
_bЖ.
_f1848-1918
_gЖорж
_3RU\NLR\auth\7777592
_960520
702 1 _aЛатернер
_bФ.Н.
_f1876-1925
_gФедор Ноэлевич
_4730
790 1 _9z01700
_aОнэ
_bЖ.
_f1848-1918
_gЖорж
801 0 _aRU
_bNLR
_gpsbo
801 0 _aRU
_bRuMoRGB
_2psbo
801 1 _aRU
_bProSoft-M
_2rusmarc
852 _aNLR
_j20.67.6.20
942 _cBOOK
980 _aNB